Gaming Quiz

Random Gaming or Video Games Quiz

Criteria Pokémon: Generation I Quiz Stats

 Plays Quiz Updated Feb 24, 2017

Score 0/12 Timer 08:00
5 Plays Today
% Correct
???
100%
???
83.7%
???
72.2%
???
50.7%
???
45.6%
???
38.5%
???
32.3%
???
24.5%
???
20.9%
???
17.7%
???
14.3%
???
14.3%

You're not logged in!

Compare scores with friends on all Sporcle quizzes.
OR
Log In

Show Comments

Extras

Top Quizzes Today


Score Distribution

Your Account Isn't Verified!

In order to create a playlist on Sporcle, you need to verify the email address you used during registration. Go to your Sporcle Settings to finish the process.

Report this User

Report this user for behavior that violates our Community Guidelines.

Details: